[Event "WLS-ch 65th"]
[Site "Cardiff"]
[Date "2019.04.22"]
[Round "7"]
[White "McGregor, John"]
[Black "Jameson, David"]
[Result "0-1"]
[WhiteElo "1856"]
[BlackElo "2081"]
[PlyCount "70"]
[EventDate "2019.04.19"]
[EventType "swiss"]
[EventRounds "7"]
[EventCountry "WLS"]
[SourceTitle "CBM 189 Extra"]
[Source "ChessBase"]
[SourceDate "2019.06.03"]
[SourceVersion "1"]
[SourceVersionDate "2019.06.03"]
[SourceQuality "1"]

1. e4 e5 2. Nf3 Nc6 3. d4 exd4 4. Nxd4 Nf6 5. Nxc6 bxc6 6. Bd3 d5 7. e5 Ng4 8. 0-0 Bc5 9. Bf4 g5 10. Bg3 h5 11. Be2 Qe7 12. h3 h4 13. Bxg4 hxg3 14. Bxc8 Rxc8 15. Qe2 Qe6 16. Nd2 Rxh3 17. gxh3 Qxh3 18. Nf3 g4 19. Qa6 gxf2+ 20. Rxf2 Bxf2+ 21. Kxf2 Qxf3+ 22. Ke1 Kd7 23. Qf1 Qxf1+ 24. Kxf1 Ke6 25. Re1 Rb8 26. b3 Rb4 27. c4 dxc4 28. bxc4 Rxc4 29. Kg2 Rc5 30. Kg3 Rxe5 31. Rc1 f5 32. Rxc6+ Kd7 33. Ra6 Re3+ 34. Kf2 f4 35. Rf6 g3+ 0-1

[Event "South Wales op 15th"]
[Site "Cardiff"]
[Date "2018.07.11"]
[Round "8"]
[White "McGregor, John"]
[Black "Maloberti, David"]
[Result "0-1"]
[WhiteElo "1849"]
[BlackElo "2136"]
[PlyCount "96"]
[EventDate "2018.07.07"]
[EventType "swiss"]
[EventRounds "9"]
[EventCountry "WLS"]
[SourceTitle "EXT 2019"]
[Source "ChessBase"]
[SourceDate "2018.10.10"]
[SourceVersion "1"]
[SourceVersionDate "2018.10.10"]
[SourceQuality "1"]

1. e4 e6 2. d4 d5 3. Nc3 Bb4 4. exd5 exd5 5. a3 Bxc3+ 6. bxc3 Nf6 7. Bd3 0-0 8. Ne2 Bg4 9. f3 Bh5 10. 0-0 Nbd7 11. Nf4 Nb6 12. Nxh5 Nxh5 13. a4 a5 14. Re1 Re8 15. Rxe8+ Qxe8 16. Bb5 Qe7 17. Ba3 Qe3+ 18. Kf1 Qxc3 19. Bc5 Nc4 20. Qe1 Qxc2 21. Rc1 Qg6 22. Bxc4 dxc4 23. Qe4 c6 24. Qxg6 fxg6 25. Rxc4 Nf4 26. Rc2 Re8 27. Kf2 Kf7 28. Bb6 Ra8 29. Bc7 Nd5 30. Bd6 Rd8 31. Ba3 Ke6 32. Bc1 Kd7 33. Bd2 Re8 34. Rc5 b6 35. Rc1 Kd6 36. h4 Nb4 37. Bxb4+ axb4 38. Rb1 c5 39. dxc5+ bxc5 40. a5 Kc6 41. a6 Kb6 42. Rc1 Re7 43. g4 Kb5 44. Kg3 b3 45. Ra1 Ra7 46. Kf4 Rxa6 47. Rb1 Kb4 48. Ke3 Rd6 0-1

[Event "South Wales op 15th"]
[Site "Cardiff"]
[Date "2018.07.07"]
[Round "1"]
[White "Britton, Richard"]
[Black "McGregor, John"]
[Result "1-0"]
[WhiteElo "2249"]
[BlackElo "1849"]
[PlyCount "99"]
[EventDate "2018.07.07"]
[EventType "swiss"]
[EventRounds "9"]
[EventCountry "WLS"]
[SourceTitle "EXT 2019"]
[Source "ChessBase"]
[SourceDate "2018.10.10"]
[SourceVersion "1"]
[SourceVersionDate "2018.10.10"]
[SourceQuality "1"]

1. e4 c5 2. Nf3 Nc6 3. d3 e6 4. g3 d5 5. Nbd2 Bd6 6. Bg2 Nge7 7. 0-0 0-0 8. Nh4 f5 9. exd5 exd5 10. f4 b6 11. c3 Bb7 12. Ndf3 Qd7 13. Bd2 Rf6 14. Re1 Ng6 15. Nxg6 Rxg6 16. Nh4 Rf6 17. Bxd5+ Kf8 18. Bg2 Ne7 19. Bxb7 Qxb7 20. Qf3 Qxf3 21. Nxf3 Re8 22. Re2 Nc6 23. Rae1 Rxe2 24. Rxe2 h6 25. c4 Nd4 26. Nxd4 cxd4 27. b4 Bc7 28. Re1 Kf7 29. Kf2 Re6 30. Rc1 Bd8 31. a4 Rc6 32. Ra1 Re6 33. a5 bxa5 34. b5 a6 35. Bxa5 Bxa5 36. Rxa5 axb5 37. Rxb5 Re3 38. Rxf5+ Ke6 39. Re5+ Rxe5 40. fxe5 Kxe5 41. Kf3 h5 42. h4 Kf5 43. c5 Ke5 44. c6 Kd6 45. Ke4 Kxc6 46. Kxd4 Kd6 47. Ke4 Ke6 48. d4 g6 49. d5+ Kd6 50. Kd4 1-0

[Event "Tom Weston Major op"]
[Site "Cardiff"]
[Date "2018.04.02"]
[Round "6"]
[White "McGregor, John"]
[Black "Servini, Mike"]
[Result "1-0"]
[WhiteElo "1835"]
[BlackElo "1660"]
[PlyCount "41"]
[EventDate "2018.03.30"]
[EventType "swiss"]
[EventRounds "7"]
[EventCountry "WLS"]
[SourceTitle "EXT 2020"]
[Source "ChessBase"]
[SourceDate "2019.10.17"]
[SourceVersion "1"]
[SourceVersionDate "2019.10.17"]
[SourceQuality "1"]

1. e4 e6 2. d4 d5 3. Nc3 Nf6 4. Bg5 Be7 5. e5 Nfd7 6. Bxe7 Qxe7 7. Qg4 g6 8. f4 b6 9. 0-0-0 Ba6 10. Bxa6 Nxa6 11. Nb5 0-0 12. h4 h5 13. Qe2 c5 14. Nf3 Nb4 15. c3 a6 16. Nd6 Nc6 17. g4 cxd4 18. cxd4 b5 19. gxh5 f6 20. Rhg1 fxe5 21. Rxg6+ 1-0

[Event "Tom Weston Major op"]
[Site "Cardiff"]
[Date "2018.03.30"]
[Round "2"]
[White "Ray, Hiya"]
[Black "McGregor, John"]
[Result "1/2-1/2"]
[WhiteElo "1581"]
[BlackElo "1835"]
[PlyCount "36"]
[EventDate "2018.03.30"]
[EventType "swiss"]
[EventRounds "7"]
[EventCountry "WLS"]
[SourceTitle "EXT 2020"]
[Source "ChessBase"]
[SourceDate "2019.10.17"]
[SourceVersion "1"]
[SourceVersionDate "2019.10.17"]
[SourceQuality "1"]

1. d4 d5 2. Nf3 Nf6 3. c4 c5 4. g3 dxc4 5. Na3 cxd4 6. Nxd4 e5 7. Ndb5 Qb6 8. Be3 Bb4+ 9. Bd2 Bxd2+ 10. Qxd2 0-0 11. Bg2 Bd7 12. Nd6 Bc6 13. Naxc4 Qc7 14. Bxc6 Nxc6 15. 0-0 Rfd8 16. Rfd1 Ne4 17. Qd3 Nxd6 18. Nxd6 Rd7 1/2-1/2

[Event "Tom Weston Major op"]
[Site "Cardiff"]
[Date "2016.03.26"]
[Round "3"]
[White "McGregor, John"]
[Black "Turner, Matthew"]
[Result "0-1"]
[WhiteElo "1814"]
[BlackElo "2502"]
[PlyCount "42"]
[EventDate "2016.03.25"]
[EventType "swiss"]
[EventRounds "7"]
[EventCountry "WLS"]
[SourceTitle "EXT 2018"]
[Source "ChessBase"]
[SourceDate "2017.10.13"]
[SourceVersion "1"]
[SourceVersionDate "2017.10.13"]
[SourceQuality "1"]

1. e4 c5 2. Nc3 Nc6 3. f4 g6 4. Nf3 Bg7 5. Bb5 Nd4 6. Bc4 d6 7. Nxd4 cxd4 8. Bb5+ Bd7 9. Bxd7+ Qxd7 10. Ne2 Qc6 11. d3 Rc8 12. 0-0 Qxc2 13. Ng3 Qxd1 14. Rxd1 Kd7 15. b3 Rc2 16. Ba3 Nf6 17. Rdc1 Rhc8 18. Kf1 Ng4 19. Ne2 Ne3+ 20. Ke1 Rxc1+ 21. Rxc1 Nc2+ 0-1

[Event "East Glamorgan-ch"]
[Site "Cardiff"]
[Date "2014.09.13"]
[Round "3"]
[White "Thomas, Roy"]
[Black "McGregor, John"]
[Result "1-0"]
[WhiteElo "1806"]
[BlackElo "1840"]
[PlyCount "47"]
[EventDate "2014.09.13"]
[EventType "swiss"]
[EventRounds "5"]
[EventCountry "WLS"]
[SourceTitle "EXT 2016"]
[Source "ChessBase"]
[SourceDate "2015.10.08"]
[SourceVersion "1"]
[SourceVersionDate "2015.10.08"]
[SourceQuality "1"]

1. f4 d5 2. e3 Nf6 3. Nf3 Bg4 4. Be2 e6 5. 0-0 Bd6 6. d3 Nbd7 7. Nc3 Bf5 8. Nh4 h6 9. Nxf5 exf5 10. Bf3 c6 11. Kh1 Qc7 12. e4 fxe4 13. dxe4 dxe4 14. Nxe4 Nxe4 15. Bxe4 0-0-0 16. Qf3 Nf6 17. Bd3 Kb8 18. Bd2 Nd5 19. g3 g6 20. a3 f5 21. c4 Nf6 22. Bc3 Rhf8 23. b4 Ng8 24. c5 1-0